| 000 | 00806nam a22002177a 4500 | ||
|---|---|---|---|
| 005 | 20250529145303.0 | ||
| 008 | 250529b |||||||| |||| 00| 0 eng d | ||
| 020 | _a81-7601-452-4 (hbk) | ||
| 037 | _cTB | ||
| 040 |
_aAL _cAL |
||
| 041 |
_2pun _apun |
||
| 084 |
_aQ8441wL 153R4 _qAL |
||
| 100 |
_aਸਿੰਘ, ਰਾਏ ਜਸਬੀਰ _9811052 |
||
| 245 | _aਚਾਰ ਸਾਹਿਬਜ਼ਾਦੇ | ||
| 260 |
_aਅੰਮ੍ਰਿਤਸਰ, ਭਾਰਤ: _bਚਤਰ ਸਿੰਘ ਜੀਵਨ ਸਿੰਘ , _c2024. |
||
| 300 | _a200 ਪ. | ||
| 365 |
_b350.00 _cINR |
||
| 650 | _aਸਿੱਖ ਧਰਮ | ||
| 942 |
_2CC _cTB _hQ8441wL 153R4 _n0 |
||
| 999 |
_c1431207 _d1431207 |
||